Hướng dẫn thực hành kế toán hành chính sự nghiệp áp dụng trong trường học

Gorde:
Xehetasun bibliografikoak
Egile nagusia: Võ, Văn Nhị
Formatua: Liburua
Hizkuntza:Undetermined
Argitaratua: Hà Nội Thống kê 2004
Gaiak:
Etiketak: Etiketa erantsi
Etiketarik gabe, Izan zaitez lehena erregistro honi etiketa jartzen!
Thư viện lưu trữ: Trung tâm Học liệu Trường Đại học Cần Thơ
LEADER 00606nam a2200193Ia 4500
001 CTU_65011
008 210402s9999 xx 000 0 und d
020 |c 100000 
082 |a 657.3 
082 |b Nh300 
100 |a Võ, Văn Nhị 
245 0 |a Hướng dẫn thực hành kế toán hành chính sự nghiệp áp dụng trong trường học 
245 0 |c Võ Văn Nhị 
260 |a Hà Nội 
260 |b Thống kê 
260 |c 2004 
650 |a Managerial accounting 
904 |i TUYẾN,Hải 
980 |a Trung tâm Học liệu Trường Đại học Cần Thơ